000 00620nam a2200253Ia 4500
003 OSt
005 20220912151148.0
006 a|||||r|||| 00| 0
007 ta
008 220909b |||||||| |||| 00| 0 eng d
024 _a34973
037 _cTextual
040 _aCSL
_beng
_cCSL
041 _aeng
082 _aY58-7.73.N7, L8
100 _aFeagin Joe R
245 0 _aRacial and ethnic relations
260 _aNew
_b#NAME?
_c1978
300 _aviii, 393p.
_ccm.
650 _a Slums
650 _aSociology
942 _hY58-7.73.N7, L8
_cTEXL
_2CC
999 _c62494
_d62494